000 01402nam2a22003131 4500
001 rc\141480
005 20250612183119.0
010 _a5-85255-085-X
_950000
035 _a(NLR Aleph) 008782541
090 _a7991277
_c7991277
100 _a20030307d1991 |||y0rusy50 ca
101 0 _arus
102 _aRU
105 _ay |||||||||
200 1 _aКим
_aНаулака
_eРоманы
_aРассказы
_f[Пер. А.П. Репиной]
210 _d1991
_aБ. м.
215 _a605, [2] с.
327 1 _aСодерж.: Романы: Ким; Наулака; Рассказы: Стрелы амура; В кратере
461 0 _1001rc\141479
_12001#$aСобрание сочинений$eВ 5 т.$e[Перевод]$fРедьярд Киплинг$vТ. 1
_1700#1$aКиплинг$bР.$f1865-1936$gРедьярд$3RU\NLR\AUTH\775969
_97956757
_aКиплинг, Р. (1865-1936)
_cМ.
_d1991-
_fРедьярд Киплинг
_nИзд. центр "Терра"
_oВ 5 т. : [Перевод]
_tСобрание сочинений
_y5852550833
_vТ. 1
464 0 _12001#$aКим
_tКим
464 0 _12001#$aНаулака
_tНаулака
464 0 _12001#$aСтрелы амура
_tСтрелы амура
464 0 _12001#$aВ кратере
_tВ кратере
801 0 _aRU
_bNLR
_gpsbo
801 1 _aRU
_bELAR
_2rusmarc
852 _aNLR
_j91-2/2563
942 _cBOOK
980 _aNB